000
00314nam a2200121Ia 4500
008
230524s9999 xx 000 0 und d
100
_a
"Robert D Hisrich, Michael P Peters, Dean A Shepherd"
245
0
_a
Entrepreneurship
260
_b
MGH
500
_a
Quantity Number: 10
650
_a
Management
942
_c
BK
999
_c
49522
_d
49522